LEADER 01359nam0 22003131i 450 001 RML0311946 005 20231121125752.0 100 $a20121121d2008 ||||0itac50 ba 101 | $aeng 102 $agb 181 1$6z01$ai $bxxxe 182 1$6z01$an 200 1 $aBeing$edevelopment in contemporary metaphysics$fedited by Robin Le Poidevin 210 $aCambridge $cCambridge university press $dİ2008 215 $a212 p.$d23 225 | $aRoyal Institute of philosophy supplement$c- Cambridge $eCambridge University Press $v62 410 0$1001RML0332270$12001 $aRoyal Institute of philosophy supplement$c- Cambridge $eCambridge University Press $v62 422 0$1001MIL0033867$12001 $aPhilosophy$ethe journal of the British institute of philosophical studies 606 $aFilosofia$xPeriodici$2FIR$3RMLC086428$9I 676 $a105$9Filosofia.Pubblicazioni in serie$v21 700 1$aLe Poidevin$b, Robin$3RMLV201407$0554933 801 3$aIT$bIT-01$c20121121 850 $aIT-FR0017 899 $aBiblioteca umanistica Giorgio Aprea$bFR0017 912 $aRML0311946 950 0$aBiblioteca umanistica Giorgio Aprea$d 52CIS Per.str.10 Supp.62$e 52VM 0000823895 VM barcode:00076862. - Inventario:939 FCVM$fA $h20100326$i20121204 977 $a 52 996 $aBeing$93632148 997 $aUNICAS